000086716 001__ 86716 000086716 005__ 20200108151735.0 000086716 037__ $$aTAZ-TFM-2019-623 000086716 041__ $$aspa 000086716 1001_ $$aGrimalt López, Javier 000086716 24200 $$a“Teaching reproduction, relationship and adaptations of plants cooperatively " 000086716 24500 $$a“Enseñando reproducción, relación y adaptaciones de plantas cooperativamente" 000086716 260__ $$aZaragoza$$bUniversidad de Zaragoza$$c2019 000086716 506__ $$aby-nc-sa$$bCreative Commons$$c3.0$$uhttp://creativecommons.org/licenses/by-nc-sa/3.0/ 000086716 520__ $$aPropuesta didáctica basada en el aprendizaje cooperativo y clases expositivas-dialógicas dirigida al curso 1º de Bachillerato, atendiendo a los contenidos: las plantas, sus funciones y adaptaciones al medio. Que pretende introducirse como una nueva forma de enfocar los contenidos de este bloque de una forma más interactiva y participativa, con el fin de lograr que el alumnado se interese y logre un aprendizaje significativo en vista de la demanda de los estudiantes, tras realizar una evaluación inicial.<br /><br /> 000086716 521__ $$aMáster Universitario en Profesorado de Educación Secundaria Obligatoria, Bachillerato, Formación Profesional y Enseñanza de Idiomas, Artísticas y Deportivas 000086716 540__ $$aDerechos regulados por licencia Creative Commons 000086716 700__ $$aAlda Bueno, Francisco Luis$$edir. 000086716 7102_ $$aUniversidad de Zaragoza$$bDidáctica de las Ciencias Experimentales$$cDidáctica de las Ciencias Experimentales 000086716 8560_ $$f648651@celes.unizar.es 000086716 8564_ $$s984825$$uhttps://zaguan.unizar.es/record/86716/files/TAZ-TFM-2019-623.pdf$$yMemoria (spa) 000086716 909CO $$ooai:zaguan.unizar.es:86716$$pdriver$$ptrabajos-fin-master 000086716 950__ $$a 000086716 951__ $$adeposita:2020-01-08 000086716 980__ $$aTAZ$$bTFM$$cFEDU 000086716 999__ $$a20190704123718.CREATION_DATE